[Event "URS-ch48 sf Dnepropetrovsk"]
[Site "Dnepropetrovsk"]
[Date "1980.??.??"]
[Round "?"]
[White "Popov, Nikolay"]
[Black "Kozlov, Vladimir A"]
[Result "1-0"]
[WhiteElo "2425"]
[BlackElo "2455"]
[PlyCount "113"]
[EventDate "1980.??.??"]
[Source "www.chesslib.no"]
[SourceDate "2004.05.04"]

1. d4 Nf6 2. c4 d6 3. Nc3 e5 4. Nf3 Nbd7 5. Bg5 Be7 6. e3 c6 7. Qc2 h6 8. Bh4 Nh5 9. Bxe7 Qxe7 10. Bd3 Nhf6 11. O-O O-O 12. Nh4 Nb6 13. b3 Re8 14. Nf5 Bxf5 15. Bxf5 g6 16. Bd3 Nbd7 17. Qd2 Kg7 18. Bc2 Rad8 19. Rae1 a6 20. a4 d5 21. c5 Nf8 22. b4 Qc7 23. f4 exd4 24. exd4 b6 25. g3 a5 26. cxb6 Qxb6 27. bxa5 Qxa5 28. Ne4 Qxd2 29. Nxd2 Ne6 30. Nf3 Rb8 31. Rb1 Ne4 32. Rxb8 Rxb8 33. Rb1 Rxb1+ 34. Bxb1 Nc3 35. Bc2 Ne2+ 36. Kf2 N2xd4 37. Nxd4 Nxd4 38. a5 Nb5 39. Ba4 Na7 40. Ke3 c5 41. Bb3 Nc6 42. a6 c4 43. Ba4 d4+ 44. Kf3 c3 45. Ke2 d3+ 46. Ke3 c2 47. Kd2 Na7 48. Bb3 Kf6 49. Bc4 Kf5 50. Bxd3+ Kg4 51. Kxc2 Kh3 52. Kc3 Kxh2 53. Kc4 Kxg3 54. Kc5 Nc8 55. Kc6 Kxf4 56. Kb7 Nd6+ 57. Kc7 1-0

[Event "Ch Baden-Wuerttemberg"]
[Site "Stuttgart GER"]
[Date "1983.??.??"]
[Round "7"]
[White "Sieglen, Joachim"]
[Black "Hoffmann, Michael"]
[Result "1/2-1/2"]
[WhiteElo "2405"]
[BlackElo "2465"]
[PlyCount "39"]
[EventDate "1983.??.??"]
[Source "www.chesslib.no"]
[SourceDate "2004.05.04"]

1. d4 Nf6 2. c4 d6 3. Nc3 e5 4. Nf3 Nc6 5. dxe5 Nxe5 6. e3 Be6 7. Be2 c6 8. b3 Qc7 9. O-O d5 10. cxd5 Nxd5 11. Bb2 Bd6 12. Nxd5 Bxd5 13. Nd4 Ng6 14. f4 O-O-O 15. Bf3 Bxf3 16. Qxf3 Kb8 17. Rac1 Rhe8 18. Rxc6 Nh4 19. Qh3 bxc6 20. Qxh4 1/2-1/2

[Event "Open"]
[Site "Granada ESP"]
[Date "2007.12.09"]
[Round "8"]
[White "Pilaj, H."]
[Black "Ibarra Jerez, JC."]
[Result "1/2-1/2"]
[WhiteElo "2383"]
[BlackElo "2484"]
[PlyCount "71"]
[EventDate "2007.12.05"]
[Source "www.chesslib.no"]
[SourceDate "2004.05.04"]

1. d4 Nf6 2. c4 d6 3. Nc3 e5 4. Nf3 e4 5. Nd2 Bf5 6. e3 c6 7. Be2 d5 8. g4 Be6 9. g5 Ng8 10. Qb3 Qd7 11. f3 f5 12. gxf6 exf3 13. Nxf3 gxf6 14. e4 dxe4 15. Nxe4 Na6 16. Bd2 O-O-O 17. O-O-O Bf5 18. Ng3 Bg6 19. Nh4 Qxd4 20. Nxg6 hxg6 21. Kb1 Qb6 22. Bg4+ f5 23. Nxf5 Qxb3 24. Ng7+ Kc7 25. Ne6+ Kb6 26. axb3 Re8 27. Nxf8 Rxf8 28. Be3+ Kc7 29. Rd7+ Kb8 30. Rg7 Nh6 31. Rxg6 Nxg4 32. Rxg4 Rf3 33. Rg3 Rhf8 34. Rxf3 Rxf3 35. Re1 Nb4 36. h4 1/2-1/2

[Event "Victoria Ch"]
[Site "Victoria"]
[Date "1992.??.??"]
[Round "4"]
[White "Johansen, Darryl K"]
[Black "Kagan, Issay"]
[Result "1/2-1/2"]
[WhiteElo "2485"]
[BlackElo "2380"]
[PlyCount "87"]
[EventDate "1992.??.??"]
[Source "www.chesslib.no"]
[SourceDate "2004.05.04"]

1. d4 Nf6 2. c4 d6 3. Nc3 e5 4. Nf3 Nbd7 5. Bg5 Be7 6. Qc2 c6 7. e3 O-O 8. O-O-O e4 9. Nd2 d5 10. f3 Re8 11. Kb1 exf3 12. gxf3 dxc4 13. Nxc4 Nd5 14. Bxe7 Qxe7 15. e4 Nxc3+ 16. Qxc3 Nf8 17. Bd3 Ng6 18. h4 Be6 19. h5 Nf4 20. h6 Nxd3 21. Qxd3 Bxc4 22. Qxc4 Qf6 23. Qb3 g6 24. Qxb7 Qxf3 25. Rhe1 Rac8 26. Ka1 Qf4 27. Rf1 Qc7 28. Qxc7 Rxc7 29. e5 f5 30. exf6 Kf7 31. Rc1 Re6 32. b4 Rd7 33. Rc4 g5 34. Kb2 Rdd6 35. Rc5 Rxf6 36. Rg1 Rxd4 37. Kc3 Rdd6 38. Rcxg5 Rf3+ 39. Kc4 Rxh6 40. Rg7+ Ke6 41. Re1+ Kd6 42. Rd1+ Ke6 43. Re1+ Kd6 44. Rd1+ 1/2-1/2

[Event "Soviet Union"]
[Site "Soviet Union"]
[Date "1979.??.??"]
[Round "?"]
[White "Alburt, Lev O"]
[Black "Tverdohlebov, Viktor"]
[Result "0-1"]
[WhiteElo "2515"]
[BlackElo "2350"]
[PlyCount "80"]
[EventDate "1979.??.??"]
[Source "www.chesslib.no"]
[SourceDate "2004.05.04"]

1. d4 Nf6 2. c4 d6 3. Nc3 e5 4. Nf3 e4 5. Ng5 Bf5 6. g4 Bxg4 7. Bg2 Nc6 8. Ngxe4 Nxe4 9. Bxe4 g6 10. Qd3 f5 11. Qe3 Be7 12. h3 Bh5 13. Bd5 Nb4 14. Kd1 c6 15. Be6 Rf8 16. d5 g5 17. f4 Qb6 18. fxg5 f4 19. Qxb6 axb6 20. Bd2 Nd3 21. Kc2 Nc5 22. Bg4 Bg6+ 23. Kd1 Nb3 24. Rc1 Nxc1 25. Kxc1 Bxg5 26. Bf3 Kd7 27. b4 Bf6 28. dxc6+ bxc6 29. b5 Bxc3 30. Bxc3 Rxa2 31. bxc6+ Kc7 32. Bb2 Re8 33. Rf1 Be4 34. Bg4 Rf8 35. Be6 Kxc6 36. Rd1 f3 37. exf3 Rxf3 38. Re1 Rf2 39. Bc3 Rfc2+ 40. Kb1 Rcb2+ 0-1

[Event "World Cup VII Final"]
[Site "Cork World Cup VII Final"]
[Date "1994.??.??"]
[Round "?"]
[White "Bern, Ivar"]
[Black "Popov, Albert E"]
[Result "1-0"]
[WhiteElo "2380"]
[BlackElo "2485"]
[PlyCount "65"]
[EventDate "1994.??.??"]
[Source "www.chesslib.no"]
[SourceDate "2004.05.04"]

1. d4 Nf6 2. c4 d6 3. Nc3 e5 4. Nf3 Qe7 5. Bg5 c6 6. e3 h6 7. Bxf6 Qxf6 8. Be2 Nd7 9. O-O Be7 10. b4 g5 11. d5 O-O 12. Ne1 a5 13. dxc6 bxc6 14. b5 Bb7 15. Bf3 Rfc8 16. bxc6 Bxc6 17. Nd5 Bxd5 18. Bxd5 Ra7 19. f4 exf4 20. exf4 Bd8 21. Rb1 Rb8 22. Rxb8 Nxb8 23. Qd3 g4 24. h3 Bb6+ 25. Kh1 gxh3 26. Qxh3 Rc7 27. Nf3 Nc6 28. Nh2 Qg6 29. f5 Qg5 30. Nf3 Qg7 31. Qh4 Ne5 32. Nxe5 Qxe5 33. Re1 1-0

[Event "Anapa"]
[Site "Anapa"]
[Date "1991.??.??"]
[Round "?"]
[White "Skalik, Przemyslaw"]
[Black "Varavin, Viktor"]
[Result "0-1"]
[WhiteElo "2400"]
[BlackElo "2455"]
[PlyCount "59"]
[EventDate "1991.??.??"]
[Source "www.chesslib.no"]
[SourceDate "2004.05.04"]

1. d4 Nf6 2. c4 d6 3. Nc3 e5 4. Nf3 e4 5. Ng5 Qe7 6. Qc2 Bf5 7. g4 Bg6 8. Bg2 Nc6 9. e3 O-O-O 10. Ngxe4 d5 11. cxd5 Nb4 12. Qb1 Nbxd5 13. Nxd5 Rxd5 14. f3 h5 15. g5 Nxe4 16. fxe4 Rxg5 17. Qc2 Rg4 18. Rf1 Kb8 19. Rf4 Qg5 20. Rf2 Qh4 21. Kf1 Rxg2 22. Rxg2 Bxe4 23. Qf2 Bxg2+ 24. Kxg2 Qg4+ 25. Kh1 Bb4 26. Qg2 f5 27. h3 Qd1+ 28. Qg1 Qd3 29. a3 Bd6 30. Qg2 0-1

[Event "Augsburg"]
[Site "Augsburg"]
[Date "1988.??.??"]
[Round "?"]
[White "Hertneck, Gerald"]
[Black "Benko, Pal C"]
[Result "1-0"]
[WhiteElo "2435"]
[BlackElo "2420"]
[PlyCount "117"]
[EventDate "1988.12.??"]
[Source "www.chesslib.no"]
[SourceDate "2004.05.04"]

1. d4 Nf6 2. c4 d6 3. Nc3 e5 4. Nf3 Nbd7 5. g3 c6 6. Bg2 Be7 7. O-O O-O 8. Qc2 Re8 9. Rd1 Qc7 10. b3 Bf8 11. Bb2 a6 12. Rd2 Qb8 13. dxe5 dxe5 14. Rad1 Qc7 15. a3 h6 16. Nh4 Nc5 17. b4 Ne6 18. Nf5 g6 19. Nd6 Bxd6 20. Rxd6 Qe7 21. Qd2 Kh7 22. Na4 Ng7 23. Nb6 Rb8 24. e4 Bg4 25. f3 Nxe4 26. fxe4 Bxd1 27. Qxd1 Red8 28. c5 Ne8 29. Rd7 Rxd7 30. Qxd7 Qxd7 31. Nxd7 Rd8 32. Nxe5 Rd1+ 33. Bf1 Nf6 34. Nd3 Nxe4 35. Kg2 Rd2+ 36. Kf3 Ng5+ 37. Ke3 Rxh2 38. Be5 Rc2 39. Nb2 f5 40. Be2 Nf7 41. Bd4 Ng5 42. Nc4 Ne4 43. Be5 h5 44. Bd3 Ra2 45. Bb2 Nxg3 46. Bb1 Rxb2 47. Nxb2 h4 48. Kf2 Kh6 49. Nc4 Kg5 50. Nd6 Kf4 51. Nxb7 g5 52. Nd8 h3 53. Kg1 g4 54. Nxc6 Ne2+ 55. Kh2 Kg5 56. Ne5 Kh4 57. Ng6+ Kg5 58. c6 Nd4 59. c7 1-0

[Event "YUG-ch35"]
[Site "?"]
[Date "1980.02.??"]
[Round "3"]
[White "Knezevic Milorad"]
[Black "Vukovic Ivo"]
[Result "1/2-1/2"]
[WhiteElo "2490"]
[BlackElo "2360"]
[PlyCount "218"]
[EventDate "1980.??.??"]
[Source "www.chesslib.no"]
[SourceDate "2004.05.04"]

1. d4 Nf6 2. c4 d6 3. Nc3 e5 4. Nf3 Nbd7 5. Bg5 Be7 6. e3 Ng8 7. Bxe7 Qxe7 8. Qc2 Ngf6 9. Be2 c6 10. O-O O-O 11. b4 Re8 12. Rad1 a6 13. c5 d5 14. dxe5 Nxe5 15. Nd4 Ng6 16. Na4 Bg4 17. Bxg4 Nxg4 18. h3 Nf6 19. Nf5 Qe4 20. Qxe4 Rxe4 21. Nb6 Rb8 22. a3 Re5 23. Nd6 Re6 24. Nf5 Re5 25. Nd4 Nf8 26. Nb3 N8d7 27. Na4 Re7 28. Na5 Nf8 29. Nc3 Rbe8 30. Ne2 g6 31. Nd4 Rc7 32. Rfe1 Ne6 33. Ne2 h5 34. Nc3 Ng7 35. f3 Rce7 36. Kf2 Ne6 37. e4 dxe4 38. Nxe4 Nxe4+ 39. Rxe4 Kh7 40. Rd6 Rc7 41. Nc4 Ra8 42. Na5 Re8 43. h4 Rf8 44. g4 hxg4 45. fxg4 Kg7 46. Kg3 Ra8 47. Re3 Re8 48. Nc4 Ra8 49. Re5 Re7 50. Rd2 Rae8 51. Nd6 Ra8 52. Nc4 Rae8 53. Nb6 Nc7 54. Rxe7 Rxe7 55. Kf3 a5 56. bxa5 Na6 57. Rd7 Re5 58. Nc4 Rxc5 59. Nd6 Rxa5 60. Rxf7+ Kg8 61. Rxb7 Nc5 62. Rb6 Rxa3+ 63. Ke2 Ra4 64. Rxc6 Rxg4 65. Rxc5 Rxh4 66. Rc7 Rd4 67. Nc4 Kf8 68. Ke3 Rh4 69. Nd6 Ra4 70. Rf7+ Kg8 71. Rc7 Kf8 72. Nc4 g5 73. Ke4 g4 74. Kf4 g3 75. Kxg3 Ke8 76. Nd2 Rd4 77. Nf3 Re4 78. Ng5 Re7 79. Rc1 Kd7 80. Kf4 Re2 81. Ne4 Rh2 82. Rd1+ Kc7 83. Ke5 Rh5+ 84. Ke6 Rh6+ 85. Nf6 Kc6 86. Ke5 Rh2 87. Rc1+ Kb5 88. Ne4 Rh5+ 89. Kd4 Rh4 90. Rc2 Kb6 91. Rf2 Kc6 92. Rf6+ Kc7 93. Rg6 Rh1 94. Nc3 Kd7 95. Ra6 Rg1 96. Rh6 Ra1 97. Nd5 Rd1+ 98. Ke4 Re1+ 99. Ne3 Ra1 100. Nc2 Rg1 101. Nd4 Rg4+ 102. Ke5 Rg5+ 103. Nf5 Kc7 104. Rf6 Rg1 105. Kd5 Rh1 106. Rc6+ Kd7 107. Rg6 Kc7 108. Ng3 Rd1+ 109. Ke4 Ra1 1/2-1/2

[Event "Solin"]
[Site "Solin"]
[Date "1996.??.??"]
[Round "7"]
[White "Zaja, Ivan"]
[Black "Kovacevic, Vlatko"]
[Result "1/2-1/2"]
[WhiteElo "2405"]
[BlackElo "2445"]
[PlyCount "55"]
[EventDate "1996.??.??"]
[Source "www.chesslib.no"]
[SourceDate "2004.05.04"]

1. d4 Nf6 2. c4 d6 3. Nc3 e5 4. Nf3 Nbd7 5. g3 c6 6. Bg2 Be7 7. O-O O-O 8. Qc2 Re8 9. b3 Qc7 10. Bb2 Bf8 11. Rac1 a6 12. e3 h6 13. Rfd1 Nh7 14. Rd2 Ndf6 15. e4 Bg4 16. c5 Bxf3 17. cxd6 Bxd6 18. Bxf3 exd4 19. Rxd4 Be5 20. Rc4 Qe7 21. Bg2 Rad8 22. Nb1 g5 23. Re1 Nd7 24. Bc1 Nb6 25. Rc5 Nd7 26. Rc4 Nb6 27. Rc5 Nd7 28. Rc4 1/2-1/2

[Event "FRG Ch int"]
[Site "Mannheim GER"]
[Date "1975.??.??"]
[Round "5"]
[White "Lombard, Andre"]
[Black "Kestler, Hans-Guenther"]
[Result "1/2-1/2"]
[WhiteElo "2420"]
[BlackElo "2430"]
[PlyCount "29"]
[EventDate "1975.??.??"]
[Source "www.chesslib.no"]
[SourceDate "2004.05.04"]

1. d4 Nf6 2. c4 d6 3. Nc3 e5 4. Nf3 Nc6 5. e3 Be7 6. Be2 O-O 7. O-O Re8 8. a3 Bf8 9. d5 Ne7 10. e4 Ng6 11. g3 h6 12. Ne1 Bh3 13. Ng2 Qd7 14. Bd2 Be7 15. b4 1/2-1/2

[Event "SLO-chT"]
[Site "Celje"]
[Date "2003.11.17"]
[Round "1"]
[White "Zaja, Ivan"]
[Black "Mazi, Leon"]
[Result "1/2-1/2"]
[WhiteElo "2427"]
[BlackElo "2422"]
[PlyCount "53"]
[EventDate "2003.11.17"]
[Source "Roberto Alvarez"]
[SourceDate "2003.11.24"]

1. d4 Nf6 2. c4 d6 3. Nc3 e5 4. Nf3 Nbd7 5. Bg5 Be7 6. e3 O-O 7. Qc2 c6 8. O-O-O Qa5 9. Kb1 Re8 10. Bd3 Nf8 11. c5 exd4 12. cxd6 Bxd6 13. Bxf6 dxc3 14. Bxc3 Bb4 15. Bxb4 Qxb4 16. Ng5 Qh4 17. Ne4 Be6 18. Nd6 Re7 19. Bc4 Qf6 20. Rd2 Rd7 21. Ne4 Qe7 22. Bxe6 Nxe6 23. Rxd7 Qxd7 24. Rd1 Qe7 25. f4 Rd8 26. Rxd8+ Qxd8 27. Qd2 1/2-1/2

[Event "Komercni Banka op"]
[Site "Pardubice"]
[Date "1997.07.22"]
[Round "6"]
[White "Evseev, Denis"]
[Black "Prokopchuk, Evgeny"]
[Result "1/2-1/2"]
[WhiteElo "2370"]
[BlackElo "2475"]
[PlyCount "59"]
[EventDate "1997.07.17"]
[Source "www.chesslib.no"]
[SourceDate "2004.05.04"]

1. d4 Nf6 2. c4 d6 3. Nc3 e5 4. Nf3 Nbd7 5. Bg5 Be7 6. e3 c6 7. Qc2 O-O 8. Bd3 exd4 9. exd4 Re8 10. O-O Nf8 11. h3 h6 12. Bd2 Ne6 13. Rfe1 d5 14. cxd5 cxd5 15. Qb3 a6 16. Rac1 b5 17. a4 b4 18. Ne2 Ne4 19. Bxe4 dxe4 20. Ne5 Bb7 21. Nf4 Bd6 22. Be3 Rc8 23. Rxc8 Qxc8 24. Nh5 Qd8 25. Rc1 Bf8 26. Qd1 f5 27. Nf4 Nxf4 28. Bxf4 Qd5 29. Qh5 Qe6 30. Ng6 1/2-1/2

[Event "Cheliabinsk (Russia)"]
[Site "?"]
[Date "2005.01.??"]
[Round "2"]
[White "Abrashkin Boris"]
[Black "Looshnikov Nikolai"]
[Result "1/2-1/2"]
[WhiteElo "2388"]
[BlackElo "2455"]
[PlyCount "95"]
[EventDate "2005.??.??"]
[Source "www.chesslib.no"]
[SourceDate "2004.05.04"]

1. d4 Nf6 2. c4 d6 3. Nc3 e5 4. Nf3 Nbd7 5. Bg5 Be7 6. e3 O-O 7. Qc2 Re8 8. Bd3 exd4 9. Nxd4 Nc5 10. Bf5 g6 11. Bxc8 Rxc8 12. O-O c6 13. Rad1 a5 14. Nde2 Ng4 15. Bf4 Bf8 16. h3 Ne5 17. b3 Qb6 18. Ng3 Re6 19. Nge4 Qb4 20. Nxc5 Qxc5 21. Ne4 Qb4 22. Bxe5 Rxe5 23. Nf6+ Kh8 24. Nd7 Re6 25. Nxf8 Rxf8 26. Rd3 f5 27. g3 g5 28. Rfd1 Rff6 29. c5 Qxc5 30. Qxc5 dxc5 31. Rd7 b5 32. Ra7 Rd6 33. Rxd6 Rxd6 34. Rxa5 Kg7 35. a4 Rd1+ 36. Kg2 Ra1 37. Ra7+ Kf6 38. Ra6 bxa4 39. Rxc6+ Ke7 40. bxa4 Rc1 41. a5 Kd7 42. Rf6 c4 43. Rxf5 Kc6 44. Kf3 Rd1 45. Ke2 Rd7 46. e4 Rd4 47. f3 c3 48. Rf8 1/2-1/2

[Event "Telechess ol1 7778"]
[Site "telex"]
[Date "1978.??.??"]
[Round "?"]
[White "Enklaar, Bertus F"]
[Black "Kestler, Hans Guenther"]
[Result "1/2-1/2"]
[WhiteElo "2400"]
[BlackElo "2440"]
[PlyCount "110"]
[EventDate "1977.??.??"]
[Source "www.chesslib.no"]
[SourceDate "2004.05.04"]

1. d4 Nf6 2. c4 d6 3. Nc3 e5 4. Nf3 Nc6 5. dxe5 Nxe5 6. Nxe5 dxe5 7. Qxd8+ Kxd8 8. g3 c6 9. Bg2 Kc7 10. O-O Be6 11. b3 Rd8 12. Na4 Kb8 13. Be3 Bg4 14. f3 Bc8 15. Bg5 Be7 16. f4 exf4 17. Bxf4+ Bd6 18. Rad1 Bxf4 19. gxf4 Rde8 20. Bf3 Re7 21. Rd4 Rhe8 22. c5 Bg4 23. Bxg4 Nxg4 24. Nc3 Re3 25. Rc1 Nf6 26. Kg2 Nd5 27. Nxd5 Rxe2+ 28. Kg3 cxd5 29. Rc3 Rd8 30. c6 Rd6 31. cxb7 Re4 32. Rxe4 dxe4 33. Rc8+ Kxb7 34. Re8 f5 35. Re5 Rf6 36. h4 Rf7 37. Re6 Kc7 38. h5 Kd7 39. Ra6 Re7 40. Kf2 Ke8 41. b4 Kf7 42. b5 g6 43. h6 Rc7 44. a4 Ke7 45. Ke3 Rd7 46. Ke2 Kd8 47. Rf6 Kc7 48. Re6 Kb7 49. Rf6 Rc7 50. Re6 Rc2+ 51. Ke3 Ra2 52. Re7+ Kb6 53. Rxh7 Rxa4 54. Rg7 Ra3+ 55. Ke2 Rh3 1/2-1/2